[Event "Peterborough 4NCL Easter op-A"]
[Site "Peterborough"]
[Date "2024.03.31"]
[Round "5"]
[White "Sooraj, Menothuparam Raju"]
[Black "Zhang, Junyi"]
[Result "1-0"]
[WhiteElo "1969"]
[BlackElo "1924"]
[PlyCount "133"]
[EventDate "2024.03.29"]
[EventType "swiss"]
[EventRounds "7"]
[EventCountry "ENG"]
[SourceTitle "CB14_2024"]
[SourceDate "2024.04.01"]
[SourceVersion "1"]
[SourceVersionDate "2024.04.01"]
[SourceQuality "1"]

1. e4 c5 2. Nc3 Nc6 3. g3 g6 4. Bg2 Bg7 5. f4 d6 6. d3 e6 7. Nf3 Nge7 8. 0-0 0-0 9. Be3 Nd4 10. e5 Nxf3+ 11. Qxf3 dxe5 12. fxe5 Bxe5 13. Bxc5 Bd4+ 14. Bxd4 Qxd4+ 15. Kh1 Bd7 16. Qe4 Qxe4 17. Nxe4 Bc6 18. Rae1 Rad8 19. g4 Nd5 20. Nf6+ Nxf6 21. Bxc6 bxc6 22. Rxf6 Rd4 23. h3 Ra4 24. a3 Rb8 25. Ref1 Rb7 26. R1f2 Ra5 27. c3 Rd5 28. R6f3 f5 29. Kg2 Rbd7 30. Rd2 Kg7 31. Kf2 Kh6 32. Re3 e5 33. gxf5 gxf5 34. Rde2 Rxd3 35. Rxe5 Rxh3 36. Kg2 Rhd3 37. Rxf5 Rd2 38. Kf2 Kg6 39. Rfe5 Rxe2+ 40. Kxe2 Kf6 41. Rc5 Rd6 42. b4 Ke7 43. Ra5 Rd7 44. Rh5 Kd6 45. Kd3 Kc7+ 46. Kc4 Kd6 47. a4 Rg7 48. Rh6+ Kc7 49. b5 cxb5+ 50. axb5 Rg4+ 51. Kc5 Rg5+ 52. Kb4 Rg7 53. c4 Kb7 54. c5 Kc7 55. Ka5 Kb7 56. Rf6 Rg1 57. c6+ Kb8 58. Rf8+ Kc7 59. Rf7+ Kb8 60. Rb7+ Ka8 61. Rxh7 Kb8 62. Kb4 Rb1+ 63. Kc5 Rd1 64. Rb7+ Ka8 65. Rd7 Rc1+ 66. Kd6 Kb8 67. Rd8# 1-0

[Event "IND-chT 37th"]
[Site "Bhopal"]
[Date "2017.02.05"]
[Round "5.3"]
[White "Shabdhik, Varma"]
[Black "Sooraj, Menothuparam Raju"]
[Result "0-1"]
[WhiteElo "1973"]
[BlackElo "1862"]
[PlyCount "120"]
[EventDate "2017.02.02"]
[EventType "team-swiss"]
[EventRounds "9"]
[EventCountry "IND"]
[SourceTitle "CBM 176 Extra"]
[Source "ChessBase"]
[SourceDate "2017.03.02"]
[SourceVersion "1"]
[SourceVersionDate "2017.03.02"]
[SourceQuality "1"]
[WhiteTeam "Karnataka"]
[BlackTeam "Kerala"]
[WhiteTeamCountry "IND"]
[BlackTeamCountry "IND"]

1. e4 Nf6 2. Nc3 d5 3. exd5 Nxd5 4. Bc4 Nb6 5. Bb3 Nc6 6. Nf3 Bf5 7. d3 e6 8. Be3 Be7 9. h3 Na5 10. Qd2 Nxb3 11. axb3 0-0 12. Ne2 Nd5 13. g4 Bg6 14. Ng3 f5 15. Ne2 fxg4 16. Nfd4 Qd7 17. c3 e5 18. Nc2 Nxe3 19. Nxe3 gxh3 20. Ng3 Qxd3 21. Qxd3 Bxd3 22. Rd1 Rad8 23. Rxh3 Bc5 24. Ne2 e4 25. b4 Bb6 26. Nc1 Bxe3 27. Rxe3 Bc2 28. Rd4 Rxd4 29. cxd4 Rd8 30. Rc3 Ba4 31. b3 Bc6 32. b5 Bxb5 33. Rxc7 Rd7 34. Rc5 a6 35. Ne2 Bxe2 36. Kxe2 Rxd4 37. Rc8+ Kf7 38. Rc7+ Kf6 39. Rxb7 Rd3 40. Rb6+ Kg5 41. Rxa6 Rxb3 42. Ra5+ Kh6 43. Ra4 e3 44. fxe3 g5 45. Kf3 Kh5 46. Re4 Kg6 47. Re6+ Kf5 48. Rh6 g4+ 49. Kf2 Rb7 50. Kg3 Kg5 51. Rc6 Rf7 52. Re6 h5 53. Re8 Rf3+ 54. Kg2 Kh4 55. Re5 Rf7 56. Re8 Rb7 57. Re5 Rb2+ 58. Kf1 g3 59. e4 Kg4 60. Re8 h4 0-1

[Event "IND-chT 37th"]
[Site "Bhopal"]
[Date "2017.02.03"]
[Round "2.3"]
[White "Sooraj, Menothuparam Raju"]
[Black "Rathnakaran, Kantholi"]
[Result "0-1"]
[WhiteElo "1862"]
[BlackElo "2407"]
[PlyCount "86"]
[EventDate "2017.02.02"]
[EventType "team-swiss"]
[EventRounds "9"]
[EventCountry "IND"]
[SourceTitle "CBM 176 Extra"]
[Source "ChessBase"]
[SourceDate "2017.03.02"]
[SourceVersion "1"]
[SourceVersionDate "2017.03.02"]
[SourceQuality "1"]
[WhiteTeam "Kerala"]
[BlackTeam "Indian Railways II"]
[WhiteTeamCountry "IND"]
[BlackTeamCountry "IND"]

1. d4 Nf6 2. Nf3 g6 3. c4 Bg7 4. Nc3 0-0 5. Bg5 h6 6. Bh4 d6 7. e3 Nbd7 8. Be2 c6 9. Qc2 e5 10. dxe5 dxe5 11. 0-0 Qe7 12. h3 Nc5 13. Bxf6 Bxf6 14. b4 Ne6 15. c5 Bg7 16. Nd2 b6 17. Bf3 Bb7 18. cxb6 axb6 19. Rab1 f5 20. Na4 e4 21. Be2 b5 22. Nc5 Nxc5 23. bxc5 Bc8 24. Nb3 Be6 25. Rfd1 Be5 26. f4 exf3 27. Bxf3 Qg5 28. Qf2 Bg3 29. Qd2 Rfd8 30. Nd4 Bf7 31. a4 Rxa4 32. Bxc6 Ra2 33. Qc3 Be5 34. Qe1 Bd5 35. Bxd5+ Rxd5 36. g4 fxg4 37. h4 Bh2+ 38. Kh1 Qe5 39. Rd2 Bg3 40. Rxa2 Qe4+ 41. Kg1 Bxe1 42. Ra8+ Kf7 43. Rxe1 Rxd4 0-1